000
00312nam a2200121Ia 4500
008
220120s9999||||xx |||||||||||||| ||und||
020
_a
81-203-03881
100
_a
Hamachar, Carl
245
0
_a
computer organization
260
_a
Tata mcgraw hill company Ltd
_c
2002
300
_b
125
650
_a
COMPUTER SCIENCE
999
_c
137139
_d
137139